000 00893nam a2200253Ia 4500
003 OSt
005 20221005104520.0
006 a|||||r|||| 00| 0
007 ta
008 221004b |||||||| |||| 00| 0 hin d
020 _a81893730X (hbk)
_c195
024 _a97307
037 _b426, 24/03/2009, Swaraj Prakashan
_cTextual
040 _aCRL
_cCRL
_bhin
041 _2hin
_ahin
082 _aO152,1:gN, P8
100 _aसदायत, चन्द्रा
245 0 _aनयी कविता की काव्यानुभूति
246 _aNayī kavitā kī kāvyānubhūti
260 _aदिल्ली
_bयश पब्लिकेशन्स भारत
_c2008
300 _a155पृ0
_ccm.
942 _hO152,1:gN, P8
_cTEXL
_2cc
999 _c1012941
_d1012941